| 000 | 00375nam a2200157Ia 4500 | ||
|---|---|---|---|
| 008 | 210716s2007 xx 000 0 und d | ||
| 020 | _a9788126512362 | ||
| 041 | _aeng | ||
| 082 | _a005.3002 PRIS | ||
| 100 | _aPrish, Shahar. | ||
| 245 | _aProfessional excel services. | ||
| 250 | _a1 | ||
| 260 |
_aNew Delhi _bWiley India _c2007 |
||
| 300 | _axxvi,445 | ||
| 650 | _aNone | ||
| 999 |
_c188345 _d188345 |
||